| Tag |
First Indicator |
Second Indicator |
Subfields |
| LEADER |
00000cam a2200000Ia 4500 |
| 001 |
in00001670621 |
| 005 |
20151024124128.0 |
| 008 |
010907s2001 nyu j 000 f eng d |
| 020 |
|
|
|a 0385729332
|
| 035 |
|
|
|a (OCoLC)ocm47923895
|
| 040 |
|
|
|a AAN
|c AAN
|d JED
|d ORE
|d TXA
|d UtOrBLW
|
| 049 |
|
|
|a TXAM
|
| 090 |
|
|
|a PZ7.B653
|b Sis 2001
|
| 100 |
1 |
|
|a Brashares, Ann.
|
| 245 |
1 |
4 |
|a The sisterhood of the traveling pants /
|c Ann Brashares.
|
| 264 |
|
1 |
|a New York :
|b Delacorte Press,
|c 2001.
|
| 300 |
|
|
|a 294 pages ;
|c 22 cm.
|
| 336 |
|
|
|a text
|b txt
|2 rdacontent
|
| 337 |
|
|
|a unmediated
|b n
|2 rdamedia
|
| 338 |
|
|
|a volume
|b nc
|2 rdacarrier
|
| 520 |
|
|
|a Four best girlfriends spend the biggest summer of their lives enchanted by a magical pair of pants.
|
| 586 |
|
|
|a American Library Association-YA, 2002.
|
| 586 |
|
|
|a Booklist Editors' Choice/Books for Youth, 2001.
|
| 650 |
|
1 |
|a Pants
|v Fiction.
|
| 994 |
|
|
|a E0
|b TXA
|
| 948 |
|
|
|a cataloged
|b h
|c 2002/4/17
|d c
|e ceaton
|f 12:42:42 pm
|
| 999 |
|
|
|a MARS
|
| 999 |
f |
f |
|s 8617f487-587b-38a7-a90d-2b1e426d4063
|i 281e5d8f-616d-30d4-8794-7744943c7524
|t 0
|
| 952 |
f |
f |
|p normal
|a Texas A&M University
|b College Station
|c Sterling C. Evans Library
|d Evans: Curriculum Collection (4th floor)
|t 0
|e PZ7.B653 Sis 2001
|h Library of Congress classification
|i unmediated -- volume
|m A14828731363
|
| 998 |
f |
f |
|a PZ7.B653 Sis 2001
|t 0
|l Evans: Curriculum Collection (4th floor)
|